000 00656nam a22001697a 4500
999 _c80808
_d80808
008 201130b ||||| |||| 00| 0 eng d
040 _bger
_cDE-2950
_erda
_aDE-2950
041 _ager
245 _aMuseen und Bibliothek öffnen wieder.
_bCorona: Kulturelle und städtische Einrichtungen dürfen ab heute wieder Besucher empfangen - nach Anmeldung.
653 _aFrankfurt (Oder)
653 _aPandemie/ Corona
773 _dFrankfurt (Oder): Märkisches Verlags- und Druckhaus GmbH & Co KG
_g32. Jahrgang (2021) Nr. 57 vom 09.03.2021, S. 11
_tMärkische Oderzeitung
942 _cA